000 00356nam a22001457a 4500
003 OSt
005 20260506082933.0
008 260506b |||||||| |||| 00| 0 eng d
020 _a978-1-4748-2458-3
040 _aDWCL Main Lib.
_cOC
082 _aGR 030 E56 2015
245 _aEncyclopedia of everything
504 _aIncludes index
942 _2ddc
_cGR
_n0
999 _c10297
_d10297